Phân lập, tuyển chọn vi khuẩn từ dạ cỏ cừu để thủy phân bã mía : Báo cáo tổng kết đề tài khoa học và công nghệ cấp Trường

Nội dung của đề tài phân lập các dòng vi khuẩn từ dạ cỏ cừu trên và tuyển chọn vi khuẩn có khả năng thủy phân mạnh bã mía dựa vào vòng tròn đường kính thủy phân.

Enregistré dans:
Détails bibliographiques
Auteur principal: Võ, Văn Song Toàn
Format: Livre
Langue:Undetermined
Publié: Cần Thơ Trường Đại học Cần Thơ 2011
Sujets:
Tags: Ajouter un tag
Pas de tags, Soyez le premier à ajouter un tag!
Thư viện lưu trữ: Trung tâm Học liệu Trường Đại học Cần Thơ
LEADER 01073nam a2200229Ia 4500
001 CTU_203675
008 210402s9999 xx 000 0 und d
082 |a 660.62 
082 |b T406 
088 |a TNCS2011-03 
100 |a Võ, Văn Song Toàn 
245 0 |a Phân lập, tuyển chọn vi khuẩn từ dạ cỏ cừu để thủy phân bã mía : 
245 0 |b Báo cáo tổng kết đề tài khoa học và công nghệ cấp Trường 
245 0 |c Võ Văn Song Toàn (Chủ nhiệm đề tài) 
260 |a Cần Thơ 
260 |b Trường Đại học Cần Thơ 
260 |c 2011 
520 |a Nội dung của đề tài phân lập các dòng vi khuẩn từ dạ cỏ cừu trên và tuyển chọn vi khuẩn có khả năng thủy phân mạnh bã mía dựa vào vòng tròn đường kính thủy phân. 
650 |a Bacillus (Bacteria),Vi khuẩn 
904 |i Tuyến 
915 |a CS 
980 |a Trung tâm Học liệu Trường Đại học Cần Thơ